Prospecting for novel biocatalysts in a soil metagenome /
Gespeichert in:
| Weitere Verfasser: | , , , , , |
|---|---|
| Format: | Artikel |
| Sprache: | English |
| Schlagworte: | |
| Tags: |
Tag hinzufügen
Keine Tags, Fügen Sie den ersten Tag hinzu!
|
| Thư viện lưu trữ: | Thư viện Trường Đại học Đà Lạt |
|---|
| LEADER | 00959nam a2200349 4500 | ||
|---|---|---|---|
| 001 | DLU090092783 | ||
| 005 | ##20091201 | ||
| 040 | # | # | |a DLU |b eng |
| 041 | # | # | |a eng |
| 044 | # | # | |a us |
| 245 | # | # | |a Prospecting for novel biocatalysts in a soil metagenome / |c S. Voget ... [et al.]. |
| 653 | # | # | |a Biocatalyst |
| 653 | # | # | |a Enzyme |
| 653 | # | # | |a Genes |
| 653 | # | # | |a Microbial community |
| 653 | # | # | |a Soils |
| 700 | # | # | |a Jaeger, K.-E. |
| 700 | # | # | |a Leggewie, C. |
| 700 | # | # | |a Raasch, C. |
| 700 | # | # | |a Streit, W. R. |
| 700 | # | # | |a Uesbeck, A. |
| 700 | # | # | |a Voget, S. |
| 773 | # | # | |t Applied and Environmental Microbiology |g Vol. 69, no. 10 (October 2003), p. 6235-6242 |
| 920 | # | # | |a Phòng Tạp chí -- Trung tâm Thông tin - Thư viện Trường Đại học Đà Lạt |
| 994 | # | # | |a DLU |
| 900 | # | # | |a True |
| 911 | # | # | |a Trương Bảo Trâm Anh |
| 925 | # | # | |a G |
| 926 | # | # | |a A |
| 927 | # | # | |a BB |
| 980 | # | # | |a Thư viện Trường Đại học Đà Lạt |